|
|
|
|
| LEADER |
00000nam a2200000Ii 4500 |
| 001 |
DIGEPUJ0297 |
| 003 |
NyNyDIG |
| 006 |
m o d |
| 007 |
cr ||||||||||| |
| 008 |
211015s2020 ck a ob 000 0 spa d |
| 035 |
|
|
|a (OCoLC)1282639851
|
| 040 |
|
|
|a DGITA
|b eng
|e rda
|e pn
|c DGITA
|
| 020 |
|
|
|a 9789587815337
|q eBook
|
| 043 |
|
|
|a cl-----
|
| 050 |
1 |
4 |
|a BX837.5 ebook
|
| 082 |
0 |
4 |
|a 262.122
|
| 245 |
0 |
0 |
|a Religión como fuente para un desarrollo liberador :
|b 50 años de la Conferencia del Episcopado Latinoamericano en Medellín : continuidades y rupturas /
|c editado por Margit Eckholt y Vicente Durán Casas, S. J.
|
| 250 |
|
|
|a Primera edición.
|
| 264 |
|
1 |
|a Bogotá D.C. :
|b Editorial Pontificia Universidad Javeriana,
|c [2020]
|
| 300 |
|
|
|a 1 online resource :
|b illustrations.
|
| 336 |
|
|
|a text
|b txt
|2 rdacontent
|
| 337 |
|
|
|a computer
|b c
|2 rdamedia
|
| 338 |
|
|
|a online resource
|b cr
|2 rdacarrier
|
| 347 |
|
|
|a text file
|2 rdaft
|
| 347 |
|
|
|b EPUB
|
| 347 |
|
|
|b PDF
|
| 504 |
|
|
|a Includes bibliographical references.
|
| 588 |
0 |
|
|a Online resource; title from ePub title page (Digitalia, viewed October 15, 2021)
|
| 610 |
2 |
0 |
|a Catholic Church
|z Latin America.
|
| 650 |
|
0 |
|a Episcopal conferences (Catholic)
|z Latin America.
|
| 650 |
|
0 |
|a Catholic Church and philosophy
|z Latin America.
|
| 650 |
|
0 |
|a Philosophy and religion
|z Latin America.
|
| 650 |
|
0 |
|a Religion
|z Latin America.
|
| 650 |
|
0 |
|a Cultural relations.
|
| 655 |
|
0 |
|a Electronic books.
|
| 700 |
1 |
|
|a Eckholt, Margit,
|d 1960-
|e editor.
|
| 700 |
1 |
|
|a Durán Casas, Vicente,
|d 1957-
|e editor.
|
| 791 |
2 |
|
|a Digitalia (Firm),
|e distributor.
|
| 793 |
0 |
|
|g Digitalia eBook Collection:
|a Pontificia Universidad Javeriana
|
| 856 |
4 |
0 |
|3 Digitalia Hispánica
|u https://www.digitaliapublishing.com/a/82948/
|
| 910 |
|
|
|a Premium collection: 2021
|